00708nam a22002057a 4500008004100000020001500041050002400056100002600080245006100106250001200167260003800179300001400217650002800231650002600259650003000285700002400315942001200339999001700351952013400368220707b |||||||| |||| 00| 0 eng d a1284094633 aRA971.3b.C53 2018  aCleverley, William O. aEssentials of Health Care Finance/cWilliam O. Cleverley a8th ed. aBurlingtonbJones & Bartletc2018 aix, 575p. aCosts and Cost Analysis aFinancial management  ahealth services economics aCleverley, James O. 2lcccBK c19371d19370 00102lcc70aKABUbKABUd2022-07-07g13417.00l4oRA971.3 .C53 2018 c.1p031900r2026-06-29 13:34:06s2026-06-09w2022-07-07yBK